000 00691nam a2200121Ia 4500
008 220615s9999||||xx |||||||||||||| ||und||
245 0 _aFreshwater Microplastics: Emerging Environmental Contaminants?
546 _aEnglish[eng]
650 _aEmerging contaminants||Plastic pollution||Microplastic pollution||Microplastic-associated biofilms||Freshwater pollution||Inland water pollution||Plastic contamination
700 _aWagner, Martin||Lambert, Scott
856 _uhttps://library.oapen.org/bitstream/20.500.12657/27804/1/1002201.pdf||https://library.oapen.org/bitstream/20.500.12657/27804/1/1002201.pdf||https://library.oapen.org/bitstream/20.500.12657/27804/1/1002201.pdf
942 _cEB
999 _c15892
_d15892